000 00739nam a2200205 i 4500
001 147982
003 ES-MaACL
005 20230906202351.0
007 t|
008 070214s1921 sz r ||||1| ger d
100 1 _aSpitzer, Leo.
_9107772
245 1 0 _aLexikalisches aus dem Katalinischen und den übrigen Iberoromanischen Sprachen /
_cLeo Spitzer.
260 _aGenève :
_bLeo S. Olschki,
_c1921.
300 _aVIII, 162 p. ;
_c30 cm.
490 1 _aBiblioteca dell'archivum romanicum. Serie II. lingüística ;
_v1
650 4 _aLengua catalana-
_xLexicografía.
_9162819
830 0 _aBiblioteca dell'archivum romanicum. Serie II. lingüística ;
_v1
_9220969
852 _aES-MaACL
_j1913-F-2
_bR.29712
999 _c147982
_d147982